20 Biggest Islands in the Adriatic - Statistics

General Stats
  • This quiz has been taken 36 times
  • The average score is 7 of 20
Answer Stats
Area (km2) Island % Correct
405.22 Krk
94%
297.38 Hvar
67%
395.44 Brač
56%
405.70 Cres
56%
86.16 Rab
50%
271.47 Korčula
44%
74.00 Lošinj
39%
284.18 Pag
39%
113.30 Dugi Otok
33%
40.82 Lastovo
33%
58.18 Šolta
33%
89.72 Vis
33%
98.02 Mljet
28%
32.44 Kornat
22%
60.11 Pašman
22%
51.05 Ugljan
22%
22.08 Vir
22%
28.13 Čiovo
17%
26.14 Olib
17%
22.18 Molat
11%
No matching quizzes found
Score Distribution
Percent of People with Each Score
Percentile by Number Answered
Your Score History
You have not taken this quiz